Mater dolorosa (Record no. 19434)

MARC details
000 -LEADER
campo de control de longitud fija 00874nam a2200277 i 4500
001 - NÚMERO DE CONTROL
campo de control 19434
003 - IDENTIFICADOR DE NÚMERO DE CONTROL
campo de control ES-MaACL
005 - FECHA Y HORA DE LA ÚLTIMA TRANSACCIÓN
campo de control 20250604062531.0
007 - CAMPO FIJO DE DESCRIPCIÓN FÍSICA--INFORMACIÓN GENERAL
campo de control de longitud fija t|
008 - DATOS DE LONGITUD FIJA--INFORMACIÓN GENERAL
campo de control de longitud fija 020716s2001 sp ||||0| spa j
020 ## - NÚMERO INTERNACIONAL ESTÁNDAR DEL LIBRO
Número Internacional Estándar del Libro 84-306-0441-3
040 ## - FUENTE DE CATALOGACIÓN
Centro catalogador/agencia de origen M-BN
Lengua de catalogación spa
Centro/agencia transcriptor M-BN
080 ## - NÚMERO DE LA CLASIFICACIÓN DECIMAL UNIVERSAL
Número de la Clasificación Decimal Universal 323.17(460)"18"
080 ## - NÚMERO DE LA CLASIFICACIÓN DECIMAL UNIVERSAL
Número de la Clasificación Decimal Universal 94(460)"18"
100 ## - ENTRADA PRINCIPAL--NOMBRE DE PERSONA
Nombre de persona Álvarez Junco, José,
Fechas asociadas al nombre 1942-
9 (RLIN) 237536
245 10 - MENCIÓN DEL TÍTULO
Título Mater dolorosa
Resto del título : la idea de España en el siglo XIX /
Mención de responsabilidad, etc. José Alvarez Junco.
260 ## - PUBLICACIÓN, DISTRIBUCIÓN, ETC.
Lugar de publicación, distribución, etc. Madrid :
Nombre del editor, distribuidor, etc. [Taurus,
Fecha de publicación, distribución, etc. 2001]
300 ## - DESCRIPCIÓN FÍSICA
Extensión 684, [16] p. de lám ;
Dimensiones 25 cm.
490 1# - MENCIÓN DE SERIE
Mención de serie Taurus historia
504 ## - NOTA DE BIBLIOGRAFÍA, ETC.
Nota de bibliografía, etc. Bibliografía: p. 629-653. Indice.
650 14 - PUNTO DE ACCESO ADICIONAL DE MATERIA--TÉRMINO DE MATERIA
Término de materia o nombre geográfico como elemento de entrada Nacionalismo-
Subdivisión geográfica España-
Subdivisión cronológica S.XIX.
9 (RLIN) 15450
651 #7 - PUNTO DE ACCESO ADICIONAL DE MATERIA--NOMBRE GEOGRÁFICO
Nombre geográfico España-
Subdivisión general Historia-
Subdivisión cronológica S.XIX
Fuente del encabezamiento o término
9 (RLIN) 142005
830 0# - PUNTO DE ACCESO ADICIONAL DE SERIE-TÍTULO UNIFORME
Título uniforme Taurus historia
9 (RLIN) 180684
852 ## - LOCALIZACIÓN
Ubicación ES-MaACL
Número de control de estantería L-25867
Sublocalización o colección R.131135
Holdings
Estatus retirado Estado de pérdida Estado de daño No para préstamo Biblioteca de origen Biblioteca actual Ubicación en estantería Fecha de adquisición Fuente de adquisición Total de préstamos Signatura topográfica completa Código de barras Visto por última vez Precio de reemplazo Tipo de ítem Koha
        Biblioteca del Ateneo de Madrid Biblioteca del Ateneo de Madrid Depósito 2 17/01/2008     L-25867 1019884 23/02/2023 23/02/2023 Libro impreso